ORCHID MODERN

Bibliographic Details
Main Author: Hachadourian, Marc (Author)
Other Authors: Rosen, Claire (Photographer)
Format: Book
Published: Oregon : Timber Press, Inc. 2019
Subjects:

MARC

LEADER 00000cam a2200000 7i4500
001 0000278165
005 20210906115455.0
006 a# ###### ###
007 t
008 210906t oru# ###
020 |a 9781604698169 
040 |a MBPJ   |b eng   |c MBPJ   |e rda 
090 0 0 |a 635.93472   |b HAC 
100 1 |a Hachadourian, Marc ,   |e author 
245 1 0 |a ORCHID MODERN   |c MARC HACHADOURIAN ; PHOTOGRAPHER BY CLAIRE ROSEN 
264 1 |a Oregon :   |b Timber Press, Inc.   |c 2019 
264 4 |c ©2019 
300 |a 247 pages ;   |c 22 cm. 
336 |a text  |2 rdacontent 
337 |a unmediated  |2 rdamedia 
338 |a volume  |2 rdacarrier 
504 |a Includes index 
650 0 |a Orchards 
650 0 |a Orchid culture 
700 1 |a Rosen, Claire ,   |e photographer 
999 |a 00391396   |b BUKU   |c PINJAMAN   |e PERPUSTAKAAN KOMUNITI PETALING JAYA